000 01700cab a2200301 4500
001 ABS59323
008 090401t1998 xxu||||| |||| 00| 0 eng d
035 _a(Sirsi) u88439
041 _aeng
245 _aNational Grid Co plc v M25 Group Ltd
260 _c1998
350 _a0
490 _aEstates Gazette
_v[1998] 32 EG 90-96(7)
520 _aChD 19 March 1998. N leased a narrow strip of land used with other adjoining land as an electricity substation. The rent was subject to review from 24 June 1994 and a valuer was appointed as expert on 20 December 1995. On 30 September 1997 N issued an originating summons seeking the determination of a number of questions, including the meaning of the demised premises, and the identification of works carried out by the tenant. M applied to strike out or stay the originating summons on the ground that matters raised were for the expert to determine, not the court. "Held" the application was allowed and the originating summons struck out. Where the function of an expert is to make a decision, that is not a function of the court; it is otherwise if both parties agree.
650 _aBRITISH SHIPBUILDERS V VSEL CONSORTIUM PLC
650 _aDETERMINATION OF ISSUES
650 _aEXPERTS
650 _aJONES V SHERWOOD COMPUTER SERVICES PLC
650 _aLANDLORD AND TENANT
_96252
650 _aMERCURY COMMUNICATIONS LTD V DIRECTOR GENERAL OF TELECOMMUNICATIONS
650 _aNORWICH UNION LIFE INSURANCE V P & O PROPERTY HOLDINGS
650 _aORIGINATING SUMMONS
650 _aRENT REVIEWS
650 _aRESPONSIBILITIES
690 _aLANDLORD AND TENANT-CASE LAW-BUSINESS TENANCIES
942 _n0
948 _c11/09/1998
999 _c55865
_d55865